Games hospitals play : (Record no. 24350)
[ view plain ]
| 000 -LEADER | |
|---|---|
| fixed length control field | 00984nam a22002057a 4500 |
| 020 ## - INTERNATIONAL STANDARD BOOK NUMBER | |
| ISBN | 9789361313394 |
| 041 ## - LANGUAGE CODE | |
| Language code of text/sound track or separate title | English |
| 082 ## - DEWEY DECIMAL CLASSIFICATION NUMBER | |
| Classification number | 362.11068 |
| Item number | ABA |
| 100 ## - MAIN ENTRY--AUTHOR NAME | |
| Author name | Ghosh, Abantika |
| 245 ## - TITLE STATEMENT | |
| Title | Games hospitals play : |
| Sub Title | decoding your private healthcare experience / |
| Statement of responsibility, etc | Abantika Ghosh. |
| 260 ## - PUBLICATION, DISTRIBUTION, ETC. (IMPRINT) | |
| Place of publication | New Delhi : |
| Name of publisher | Bloomsbury Publishing India , |
| Year of publication | 2025. |
| 300 ## - PHYSICAL DESCRIPTION | |
| Number of Pages | 199 p. ; |
| Dimensions | 18 cm. |
| 504 ## - BIBLIOGRAPHY, ETC. NOTE | |
| Bibliography, etc | Includes bibliographical references and index. |
| 505 ## - FORMATTED CONTENTS NOTE | |
| Formatted contents note | Introduction -- 1. The MRP trap -- 2. One surgery for the price of two -- 3. The package deal -- 4. The hidden costs -- 5. to refer or not to refer -- 6. Monitoring is a money-spinner -- 7. Emergencies feed bottom lines -- 8. Do you have insurance? -- 9. Too much of a good thing -- 10. Medicine beyond borders -- 11. The cutting edge -- 12. Acting the playbook. |
| 650 ## - SUBJECT ADDED ENTRY--TOPICAL TERM | |
| Subject | Medical care |
| Geographic subdivision | India |
| 650 ## - SUBJECT ADDED ENTRY--TOPICAL TERM | |
| Subject | Health services aministration |
| 650 ## - SUBJECT ADDED ENTRY--TOPICAL TERM | |
| Subject | Hospital management |
| 942 ## - ADDED ENTRY ELEMENTS (KOHA) | |
| Source of classification or shelving scheme | Dewey Decimal Classification |
| Koha item type | Books |
| Withdrawn status | Lost status | Source of classification or shelving scheme | Damaged status | Not for loan | Home library | Current library | Shelving location | Date acquired | Source of acquisition | Cost, normal purchase price | Bill Date | Full call number | Accession Number | Price effective from | Koha item type |
|---|---|---|---|---|---|---|---|---|---|---|---|---|---|---|---|
| Dewey Decimal Classification | Institute of Public Enterprise, Library | Institute of Public Enterprise, Library | S Campus | 05/19/2026 | Feel books pvt.ltd. | 699.00 | 20/04/2026 | 362.11068 ABA | 51069 | 05/19/2026 | Books |

2cqr automation private limited, Chennai. All Rights Reserved.